ՀՀ Գիտությունների ազգային ակադեմիայի հիմնարար գիտական գրադարան  =   Fundamental Scientific Library of NAS RA

5000 proverbi e motti latini = (Record no. 304673)

MARC details
000 -LEADER
fixed length control field 01157nam a22003012 4500
001 - CONTROL NUMBER
control field 000854985
003 - CONTROL NUMBER IDENTIFIER
control field AM-YeHGA
005 - DATE AND TIME OF LATEST TRANSACTION
control field 20250617145020.0
008 - FIXED-LENGTH DATA ELEMENTS--GENERAL INFORMATION
fixed length control field 760310s1983 it 000 0 lat d
020 ## - INTERNATIONAL STANDARD BOOK NUMBER
International Standard Book Number 8820309920
040 ## - CATALOGING SOURCE
Original cataloging agency AM-YeHGA
041 0# - LANGUAGE CODE
Language code of text/sound track or separate title lat
-- ita
090 ## - LOCALLY ASSIGNED LC-TYPE CALL NUMBER (OCLC); LOCAL CALL NUMBER (RLIN)
-- 306378
100 1# - MAIN ENTRY--PERSONAL NAME
Personal name De-Mauri, L.
245 10 - TITLE STATEMENT
Title 5000 proverbi e motti latini =
Remainder of title Flores sententiarum : raccolta di sentenze, proverbi e motti latini di uso quotidiano, in ordine per materie, con le fonti indicate, schiarimenti e la traduzione italiana /
Statement of responsibility, etc. L. de-Mauri (Ernesto Sarasino).
246 31 - VARYING FORM OF TITLE
Title proper/short title Flores sententiarum
246 13 - VARYING FORM OF TITLE
Title proper/short title Cinquemila proverbi e motti latini Flores sententiarum
250 ## - EDITION STATEMENT
Edition statement 2a ed., riv. e corretta /
Remainder of edition statement Angelo Paredi, Gabriele Nepi
260 ## - PUBLICATION, DISTRIBUTION, ETC.
Place of publication, distribution, etc. Milano :
Name of publisher, distributor, etc. Ulrico Hoepli Editore,
Date of publication, distribution, etc. 1983.
300 ## - PHYSICAL DESCRIPTION
Extent xv, 725 p. ;
Dimensions 17 cm.
500 ## - GENERAL NOTE
General note At head of title: L. de-Mauri (Ernesto Sarasino).
546 ## - LANGUAGE NOTE
Language note Latin text with Italian translations.
650 #0 - SUBJECT ADDED ENTRY--TOPICAL TERM
Topical term or geographic name entry element Quotations, Latin.
650 #0 - SUBJECT ADDED ENTRY--TOPICAL TERM
Topical term or geographic name entry element Proverbs, Latin.
650 #0 - SUBJECT ADDED ENTRY--TOPICAL TERM
Topical term or geographic name entry element Proverbs, Latin
General subdivision Translations into Italian.
700 1# - ADDED ENTRY--PERSONAL NAME
Personal name Paredi, Angelo
Relationship edt
700 1# - ADDED ENTRY--PERSONAL NAME
Personal name Nepi, Gabriele
Relationship edt
Holdings
Withdrawn status Lost status Source of classification or shelving scheme Damaged status Not for loan Collection Home library Current library Date acquired Total checkouts Full call number Barcode Date last seen Price effective from Koha item type Public note
    Universal Decimal Classification     Levon Zekiyan Individual Collection Fundamental Scientific Library Fundamental Scientific Library 09/01/2017   Zek/334 FL0212136 09/01/2017 09/01/2017 Գրքեր / Books ILL Non-Circ.


ՀՀ ԳԱԱ հիմնարար գիտական գրադարան
ՀՀ,Երևան 0019
Մարշալ Բաղրամյան 24/6
հեռախոս:(374-10) 52-47-50
Հետադարձ կապ

All site content, except where otherwise noted, is licensed under a
Creative Commons License